Clouds - One Direction (All Lyrics) - Statistics

General Stats
  • This quiz has been taken 194 times
  • The average score is 303 of 382
Answer Stats
Clouds % Correct
Intro Clouds
98%
clouds
98%
Verse 1 | Verse 2 I
96%
the
95%
we
93%
you
91%
go
87%
it
87%
never
85%
that
85%
That
85%
know
84%
Chorus Here
83%
on
83%
We're
83%
we're
83%
again
82%
don't
82%
down
82%
ever
82%
to
82%
me
81%
no
81%
But
79%
like
79%
friends
78%
love
78%
my
78%
stop
78%
all
77%
Another
77%
back
77%
is
77%
you're
77%
You're
77%
for
76%
say
76%
want
76%
looking
75%
Bridge And
74%
and
74%
of
74%
will
73%
complicated
72%
end?
72%
Yeah
72%
gonna
71%
see
71%
simple
71%
try
71%
wish
70%
should
69%
things
69%
air
66%
breathe
66%
coming
66%
said
66%
keep
64%
round
64%
left
63%
Someday
63%
non
58%
are
56%
always
55%
changing
55%
changes
50%
tired
47%
up
47%
woah
35%
grow
25%
Well
21%
No matching quizzes found
Score Distribution
Percent of People with Each Score
Percentile by Number Answered
Your Score History
You have not taken this quiz